Piet Mondrian, 1872-1944: composición sobre el vacío

Saved in:
Bibliografiske detaljer
Hovedforfatter: Deicher, Susanne (Author)
Format: Bog
Sprog:spansk
Udgivet: Colonia Taschen 2000
Fag:
Tags: Tilføj Tag
Ingen Tags, Vær først til at tagge denne postø!

MARC

LEADER 00000nam a2200000 a 4500
001 UCG7161
003 CL-VaPUC
008 110624e20000000GW |||||||||||||||||spa|d
020 |a 3822809292 
082 0 4 |a 750  |b DEI  |2 21 
100 0 |a Deicher, Susanne  |e author  |9 557758 
245 1 0 |a Piet Mondrian, 1872-1944: composición sobre el vacío 
300 |a 96 p 
942 |c BK 
945 |d 20110624 00:00:00  |a dcastane 
260 |a Colonia  |b Taschen  |c 2000 
650 0 |a Pintura  |9 265046 
650 0 |a Pintura holandesa  |9 267860 
650 7 |a PINTORES HOLANDESES  |2 CL-VaPUC  |9 557759 
650 0 |a Arte abstracto   |9 265105 
583 |a last modification  |c 20110624 00:00:00  |k Rodrigo Vera 
999 |c 345225  |d 345223 
952 |0 0  |1 0  |4 0  |6 750_000000000000000_DEI_2000  |7 0  |8 C  |9 443707  |a BIBCUR  |b BIBCUR  |d 2019-11-22  |i 4785622  |l 1  |o 750 DEI 2000  |p 4785622  |r 2025-04-22  |s 2025-01-22  |w 2019-11-22  |y BK  |k CAC